00602nam a2200217Ia 450000500170000000800410001702000150005808200130007310000150008610000170010124500550011825000090017326000410018230000150022350000060023865000130024465000120025794200060026995200940027599900150036920240527055934.0240331s9999 xx 000 0 und d a817099294X bSINa335 aSingh, R.S aSingh Champa 0aIndian communism :bits role towards Indian polity a1 st aNew DelhibMittal Publicationsc1991 a169 p .,  a  aPolitics aSocial  cL 001040708LaWERCLbWERCLcSSCd2024-03-31l0o 335 SINp937r2024-03-31w2024-03-31yL c2733d2733